[Event "Manila PSC Cup"]
[Site "Manila"]
[Date "2013.01.17"]
[Round "5"]
[White "Legaspi, Rhobel"]
[Black "Torre, Eugenio"]
[Result "1-0"]
[WhiteElo "2257"]
[BlackElo "2485"]
[PlyCount "111"]
[EventDate "2013.01.14"]
[EventType "swiss"]
[EventRounds "9"]
[EventCountry "PHI"]
[SourceTitle "CBM 152 Extra"]
[Source "ChessBase"]
[SourceDate "2013.02.25"]
[SourceVersion "1"]
[SourceVersionDate "2013.02.25"]
[SourceQuality "1"]

1. e4 c5 2. Nf3 Nc6 3. d4 cxd4 4. Nxd4 Nf6 5. Nc3 d6 6. Bc4 Qb6 7. Nb3 e6 8. 0-0 a6 9. Be3 Qc7 10. f4 b5 11. Bd3 Bb7 12. f5 e5 13. a3 Be7 14. Nd5 Nxd5 15. exd5 Nb8 16. Qg4 Bf6 17. c4 bxc4 18. Bxc4 Nd7 19. Rac1 Qd8 20. Nd2 Nb6 21. Ne4 Bxd5 22. Nxf6+ gxf6 23. Bxd5 Nxd5 24. Bf2 Ke7 25. Qe4 Nb6 26. Rc3 Rb8 27. Rfc1 Nc8 28. Qc4 Rb7 29. Qxa6 Qd7 30. Qxb7 Qxb7 31. Rc7+ Qxc7 32. Rxc7+ Kd8 33. Rxf7 Ne7 34. Rxf6 Kd7 35. Rf7 Ke8 36. Rf6 Kd7 37. Rf7 Ke8 38. Rg7 Nxf5 39. Rb7 Rf8 40. g4 Ne7 41. Rb8+ Kf7 42. Rxf8+ Kxf8 43. a4 Nc6 44. Be1 Ke7 45. h4 Kd7 46. a5 d5 47. g5 e4 48. h5 Ne5 49. g6 hxg6 50. h6 Nf7 51. h7 d4 52. Kf1 g5 53. b4 g4 54. a6 Nh8 55. Ke2 Ng6 56. Bg3 1-0

[Event "Kuala Lumpur DYTM op"]
[Site "Kuala Lumpur"]
[Date "2012.09.18"]
[Round "1"]
[White "Legaspi, Rhobel"]
[Black "Greenwood, Martin"]
[Result "1-0"]
[WhiteElo "2272"]
[BlackElo "1635"]
[PlyCount "39"]
[EventDate "2012.09.18"]
[EventType "swiss"]
[EventRounds "9"]
[EventCountry "MAS"]
[SourceTitle "CBM 150 Extra"]
[Source "ChessBase"]
[SourceDate "2012.10.19"]
[SourceVersion "1"]
[SourceVersionDate "2012.10.19"]
[SourceQuality "1"]

1. e4 e5 2. Nf3 Nc6 3. Nc3 Bc5 4. Nxe5 Nf6 5. Nxc6 dxc6 6. Be2 0-0 7. 0-0 Bd4 8. d3 h6 9. Be3 Re8 10. Kh1 Bxe3 11. fxe3 Qd6 12. Bf3 Qe7 13. d4 Nh7 14. Qe1 Ng5 15. Qg3 Nxf3 16. Rxf3 b6 17. Raf1 Rf8 18. a3 a5 19. Rf6 Kh8 20. Rxc6 1-0

[Event "Ho Chi Minh City HD Bank op 2nd"]
[Site "Ho Chi Minh City"]
[Date "2012.03.07"]
[Round "9"]
[White "Legaspi, Rhobel"]
[Black "Le, Hoang Tran Chau"]
[Result "1-0"]
[WhiteElo "2273"]
[BlackElo "2093"]
[PlyCount "99"]
[EventDate "2012.03.02"]
[EventType "swiss"]
[EventRounds "9"]
[EventCountry "VIE"]
[SourceTitle "CBM 147 Extra"]
[Source "ChessBase"]
[SourceDate "2012.04.24"]
[SourceVersion "1"]
[SourceVersionDate "2012.04.24"]
[SourceQuality "1"]

1. e4 d5 2. exd5 Qxd5 3. Nc3 Qd6 4. d4 Nf6 5. Nf3 c6 6. Ne5 Nbd7 7. Bf4 Nxe5 8. Bxe5 Qd8 9. Bc4 e6 10. Qf3 Nd7 11. Bg3 Qf6 12. Qe3 Bb4 13. 0-0 Bxc3 14. Qxc3 0-0 15. Rfe1 b6 16. Bd3 Bb7 17. Be4 Rac8 18. Qa3 a5 19. c4 Ba6 20. c5 Qd8 21. Bd6 Re8 22. Qb3 b5 23. Qh3 g6 24. Qf3 Bb7 25. Bd3 Qf6 26. Qe4 Qf5 27. Qe3 Qf6 28. Rad1 Ra8 29. Qe4 Qf5 30. Qh4 Qf6 31. Qh3 b4 32. Be4 Rac8 33. f4 Ba6 34. Qf3 Bb5 35. Re3 Qd8 36. Rc1 Qf6 37. Qd1 Qd8 38. g4 Nf6 39. Bg2 h5 40. gxh5 Nxh5 41. Be5 f6 42. Bd6 Kf7 43. Qb3 Ng7 44. Rce1 Qd7 45. Bh3 Ra8 46. Kf2 Rac8 47. Rg1 Rg8 48. Reg3 Ne8 49. f5 Ng7 50. Rxg6 1-0

[Event "Ho Chi Minh City HD Bank op 2nd"]
[Site "Ho Chi Minh City"]
[Date "2012.03.04"]
[Round "5"]
[White "Legaspi, Rhobel"]
[Black "Dimakiling, Oliver"]
[Result "0-1"]
[WhiteElo "2273"]
[BlackElo "2447"]
[PlyCount "74"]
[EventDate "2012.03.02"]
[EventType "swiss"]
[EventRounds "9"]
[EventCountry "VIE"]
[SourceTitle "CBM 147 Extra"]
[Source "ChessBase"]
[SourceDate "2012.04.24"]
[SourceVersion "1"]
[SourceVersionDate "2012.04.24"]
[SourceQuality "1"]

1. e4 c5 2. Nf3 Nc6 3. Bb5 Na5 4. d4 a6 5. Bd3 cxd4 6. 0-0 d6 7. Nxd4 e5 8. Nf5 Bxf5 9. exf5 Be7 10. Qg4 Kf8 11. Nc3 d5 12. Rd1 Nf6 13. Qh3 Qb6 14. Qg3 Nc6 15. Bg5 Rd8 16. Rab1 h6 17. Bh4 Qc5 18. a3 Nh5 19. Qg4 Bxh4 20. Qxh4 Nf6 21. Rd2 Re8 22. Re1 h5 23. h3 Rh6 24. Kh1 e4 25. Bf1 Re5 26. Qf4 h4 27. Ne2 e3 28. fxe3 Ne4 29. Nd4 Qe7 30. Rdd1 g5 31. fxg6 Rxg6 32. Kg1 Rf6 33. Qg4 Rg5 34. Qxh4 Nxd4 35. Rxd4 Rxf1+ 36. Rxf1 Rxg2+ 37. Kxg2 Qxh4 0-1

[Event "Ho Chi Minh City HD Bank op 2nd"]
[Site "Ho Chi Minh City"]
[Date "2012.03.02"]
[Round "1"]
[White "Le, Quang Liem"]
[Black "Legaspi, Rhobel"]
[Result "1-0"]
[WhiteElo "2698"]
[BlackElo "2273"]
[PlyCount "59"]
[EventDate "2012.03.02"]
[EventType "swiss"]
[EventRounds "9"]
[EventCountry "VIE"]
[SourceTitle "CBM 147 Extra"]
[Source "ChessBase"]
[SourceDate "2012.04.24"]
[SourceVersion "1"]
[SourceVersionDate "2012.04.24"]
[SourceQuality "1"]

1. d4 Nf6 2. c4 e6 3. Nf3 Bb4+ 4. Nbd2 0-0 5. a3 Be7 6. g3 d5 7. Bg2 dxc4 8. Nxc4 c5 9. 0-0 Nc6 10. dxc5 Bxc5 11. Qc2 Bd7 12. Rd1 Rc8 13. b4 Be7 14. Qb3 h6 15. Nfe5 Qe8 16. Nxd7 Nxd7 17. Be3 b5 18. Nd6 Bxd6 19. Rxd6 Nde5 20. Bc5 Kh8 21. f4 Ng6 22. Rxc6 Rxc6 23. Bxc6 Qxc6 24. Bxf8 Nxf8 25. Qe3 Nd7 26. Rc1 Qb7 27. Qf3 Qb6+ 28. Kf1 f5 29. Qc6 Qe3 30. Rd1 1-0

[Event "Tagaytay City zt 3.3"]
[Site "Tagaytay City"]
[Date "2011.05.25"]
[Round "2"]
[White "Megaranto, Susanto"]
[Black "Legaspi, Rhobel"]
[Result "1-0"]
[WhiteElo "2529"]
[BlackElo "2329"]
[PlyCount "97"]
[EventDate "2011.05.24"]
[EventType "swiss"]
[EventRounds "9"]
[EventCountry "PHI"]
[SourceTitle "EXT 2012"]
[Source "ChessBase"]
[SourceDate "2011.11.24"]
[SourceVersion "1"]
[SourceVersionDate "2011.11.24"]
[SourceQuality "1"]

1. Nf3 Nf6 2. g3 d5 3. Bg2 Bg4 4. c4 c6 5. cxd5 cxd5 6. Ne5 Bc8 7. d4 e6 8. 0-0 Be7 9. Nc3 0-0 10. Bf4 Nc6 11. Nxc6 bxc6 12. Rc1 Bb7 13. Na4 Nd7 14. Re1 Rc8 15. e4 Ba6 16. h4 Re8 17. Qd2 Bb5 18. Nc3 Ba6 19. Bg5 Nf6 20. e5 Nd7 21. Na4 Rb8 22. Bxe7 Rxe7 23. Nc5 Nxc5 24. Rxc5 Rb6 25. Rec1 Rc7 26. b3 h6 27. f4 Rc8 28. Bf3 Qd7 29. Qc3 g6 30. h5 Kg7 31. Kg2 Qe7 32. Rh1 Qb7 33. Qc1 Rh8 34. Qc2 Rc8 35. Rh4 Rg8 36. Qc3 Rc8 37. Rg4 Qd7 38. Bd1 Kh7 39. Bc2 Rg8 40. Bb1 Qe8 41. Kf2 Rg7 42. Rh4 Rg8 43. Qc1 Qf8 44. g4 f5 45. g5 Qe8 46. Qh1 Qf8 47. Ke3 gxh5 48. Rxh5 Rg6 49. Rc2 1-0

[Event "Manila Campomanes Memorial op"]
[Site "Manila"]
[Date "2010.08.31"]
[Round "5"]
[White "Dableo, Ronald"]
[Black "Legaspi, Rhobel"]
[Result "1/2-1/2"]
[WhiteElo "2448"]
[BlackElo "2304"]
[PlyCount "81"]
[EventDate "2010.08.28"]
[EventType "swiss"]
[EventRounds "9"]
[EventCountry "PHI"]
[SourceTitle "CBM 138 Extra"]
[Source "ChessBase"]
[SourceDate "2010.10.29"]
[SourceVersion "1"]
[SourceVersionDate "2010.10.29"]
[SourceQuality "1"]

1. b3 e5 2. Bb2 Nc6 3. c4 g6 4. h4 h5 5. Nf3 Bg7 6. d4 e4 7. Ng5 e3 8. fxe3 Nh6 9. e4 Ng4 10. Nf3 0-0 11. a3 d6 12. Nc3 f5 13. e5 dxe5 14. dxe5 Ncxe5 15. Qxd8 Rxd8 16. Rd1 Be6 17. Ng5 Bf7 18. Rh3 c6 19. Rxd8+ Rxd8 20. e4 f4 21. Bc1 Ne3 22. Bxe3 fxe3 23. Rxe3 Kf8 24. Be2 Ke8 25. Nb1 Bf8 26. Rc3 Bc5 27. Nxf7 Kxf7 28. b4 Be7 29. g3 Bf8 30. Nd2 Bh6 31. Nb3 b6 32. Kf1 Ke6 33. c5 b5 34. Ke1 Ke7 35. Kf2 Rf8+ 36. Kg2 Rd8 37. Rc2 Ke6 38. Ra2 Be3 39. Ra1 Rf8 40. Re1 Rf2+ 41. Kh1 1/2-1/2

[Event "Manila Pichay Cup 6th"]
[Site "Manila"]
[Date "2010.08.26"]
[Round "9"]
[White "Dimakiling, Oliver"]
[Black "Legaspi, Rhobel"]
[Result "1/2-1/2"]
[WhiteElo "2418"]
[BlackElo "2304"]
[PlyCount "59"]
[EventDate "2010.08.21"]
[EventType "swiss"]
[EventRounds "9"]
[EventCountry "PHI"]
[SourceTitle "CBM 138 Extra"]
[Source "ChessBase"]
[SourceDate "2010.10.29"]
[SourceVersion "1"]
[SourceVersionDate "2010.10.29"]
[SourceQuality "1"]

1. Nf3 Nf6 2. g3 d5 3. Bg2 c6 4. 0-0 Bg4 5. c4 e6 6. d4 Nbd7 7. Nbd2 Bd6 8. Qb3 Rb8 9. cxd5 exd5 10. e4 dxe4 11. Ng5 0-0 12. Ndxe4 Bc7 13. Nxf7 Rxf7 14. Ng5 Bh5 15. Ne6 Qc8 16. Nxc7 Qxc7 17. Bf4 Qd8 18. Bxb8 Qxb8 19. h3 Nb6 20. Rae1 Nfd5 21. a4 a5 22. Re6 Rc7 23. Rfe1 Bf7 24. R6e5 Rc8 25. Qc2 Qd6 26. b3 Nd7 27. R5e2 N7b6 28. Re5 Nd7 29. R5e2 b6 30. Re5 1/2-1/2

[Event "Manila Pichay Cup 6th"]
[Site "Manila"]
[Date "2010.08.23"]
[Round "5"]
[White "Gonzales, Jayson"]
[Black "Legaspi, Rhobel"]
[Result "1/2-1/2"]
[WhiteElo "2435"]
[BlackElo "2304"]
[PlyCount "92"]
[EventDate "2010.08.21"]
[EventType "swiss"]
[EventRounds "9"]
[EventCountry "PHI"]
[SourceTitle "CBM 138 Extra"]
[Source "ChessBase"]
[SourceDate "2010.10.29"]
[SourceVersion "1"]
[SourceVersionDate "2010.10.29"]
[SourceQuality "1"]

1. c4 Nf6 2. g3 e6 3. Bg2 d5 4. Nf3 Be7 5. 0-0 c6 6. b3 a5 7. Nc3 d4 8. Na4 b5 9. Nb2 Bb7 10. e3 dxe3 11. dxe3 Nbd7 12. Qe2 Qb6 13. e4 Nc5 14. e5 Nfd7 15. Be3 0-0 16. Rfd1 Qa6 17. Rd2 Rfd8 18. Rad1 a4 19. Bg5 Bxg5 20. Nxg5 h6 21. Ne4 Qb6 22. cxb5 cxb5 23. Rd6 Qc7 24. Rc1 Bxe4 25. Bxe4 Nxe5 26. Rxd8+ Rxd8 27. Qxb5 axb3 28. axb3 Ned7 29. b4 Qe5 30. bxc5 Qxe4 31. Nc4 Ne5 32. Nxe5 Qxe5 33. Qb6 Rb8 34. Qa7 Qb2 35. Rd1 Qb3 36. Qd7 Rb7 37. Qd8+ Kh7 38. c6 Rc7 39. Qxc7 Qxd1+ 40. Kg2 Qd5+ 41. f3 Qd3 42. Qb7 Qc2+ 43. Kg1 Qc1+ 44. Kf2 Qd2+ 45. Kf1 Qd1+ 46. Kg2 Qc2+ 1/2-1/2

[Event "Manila Pichay Cup 6th"]
[Site "Manila"]
[Date "2010.08.22"]
[Round "3"]
[White "Legaspi, Rhobel"]
[Black "Ranola, Yves"]
[Result "1/2-1/2"]
[WhiteElo "2304"]
[BlackElo "2397"]
[PlyCount "93"]
[EventDate "2010.08.21"]
[EventType "swiss"]
[EventRounds "9"]
[EventCountry "PHI"]
[SourceTitle "CBM 138 Extra"]
[Source "ChessBase"]
[SourceDate "2010.10.29"]
[SourceVersion "1"]
[SourceVersionDate "2010.10.29"]
[SourceQuality "1"]

1. e4 c5 2. Nf3 d6 3. d4 cxd4 4. Nxd4 Nf6 5. Nc3 g6 6. Be2 Bg7 7. 0-0 0-0 8. Bg5 Nc6 9. Nb3 a5 10. a4 Nb4 11. f4 Be6 12. Kh1 Qc8 13. Nd4 Bc4 14. Ndb5 Qc5 15. Re1 Rac8 16. Bxc4 Qxc4 17. Rc1 Rfe8 18. Qd2 Qc5 19. Bh4 Qh5 20. Bg3 Qg4 21. Bf2 Bh6 22. Be3 Red8 23. f5 Bxe3 24. Qxe3 Qh4 25. h3 Rc5 26. Nd4 Rdc8 27. Nf3 Qh5 28. Qd2 Nd7 29. Kh2 Ne5 30. Nxe5 Rxe5 31. Ne2 Qh4 32. c3 Na6 33. Nd4 Nc5 34. Nf3 Nxe4 35. Rxe4 Qxe4 36. fxg6 hxg6 37. Nxe5 Qxe5+ 38. Kh1 Rc4 39. Re1 Re4 40. Rxe4 Qxe4 41. b4 b6 42. Qb2 Qd5 43. Qe2 Kf8 44. Qa6 Qd1+ 45. Kh2 Qxa4 46. Qxb6 axb4 47. cxb4 1/2-1/2

[Event "Manila Pichay Cup 6th"]
[Site "Manila"]
[Date "2010.08.21"]
[Round "1"]
[White "Legaspi, Rhobel"]
[Black "Gagunashvili, Merab"]
[Result "0-1"]
[WhiteElo "2304"]
[BlackElo "2596"]
[PlyCount "52"]
[EventDate "2010.08.21"]
[EventType "swiss"]
[EventRounds "9"]
[EventCountry "PHI"]
[SourceTitle "CBM 138 Extra"]
[Source "ChessBase"]
[SourceDate "2010.10.29"]
[SourceVersion "1"]
[SourceVersionDate "2010.10.29"]
[SourceQuality "1"]

1. e4 d6 2. d4 Nf6 3. Nc3 g6 4. Be3 c6 5. Qd2 b5 6. Bd3 Bg7 7. Bh6 0-0 8. Bxg7 Kxg7 9. h4 e5 10. dxe5 dxe5 11. Nf3 Nbd7 12. 0-0-0 Qe7 13. Kb1 Nc5 14. Rde1 h6 15. Nh2 Rd8 16. Qe3 a5 17. Ne2 a4 18. f3 Be6 19. Nc1 b4 20. g4 b3 21. a3 Nfd7 22. f4 exf4 23. Qxf4 bxc2+ 24. Bxc2 Nb6 25. g5 Nc4 26. gxh6+ Kh7 0-1

[Event "Asian Continental op 09th"]
[Site "Olongapo City"]
[Date "2010.04.26"]
[Round "6"]
[White "Legaspi, Rhobel"]
[Black "Datu, Alcon John"]
[Result "1/2-1/2"]
[WhiteElo "2314"]
[BlackElo "2220"]
[PlyCount "31"]
[EventDate "2010.04.21"]
[EventType "swiss"]
[EventRounds "9"]
[EventCountry "PHI"]
[SourceTitle "CBM 136 Extra"]
[Source "ChessBase"]
[SourceDate "2010.07.02"]
[SourceVersion "2"]
[SourceVersionDate "2010.07.15"]
[SourceQuality "1"]

1. e4 Nf6 2. Nc3 d5 3. e5 d4 4. exf6 dxc3 5. fxg7 cxd2+ 6. Qxd2 Qxd2+ 7. Bxd2 Bxg7 8. 0-0-0 Bf5 9. Nf3 Nd7 10. Be3 a6 11. Bc4 e6 12. Rhe1 0-0-0 13. Bd4 Bh6+ 14. Be3 Bg7 15. Bd4 Bh6+ 16. Be3 1/2-1/2

[Event "Asian Continental op 09th"]
[Site "Olongapo City"]
[Date "2010.04.23"]
[Round "3"]
[White "Legaspi, Rhobel"]
[Black "Lumancas, Lyndon"]
[Result "1-0"]
[WhiteElo "2314"]
[BlackElo "2289"]
[PlyCount "125"]
[EventDate "2010.04.21"]
[EventType "swiss"]
[EventRounds "9"]
[EventCountry "PHI"]
[SourceTitle "CBM 136 Extra"]
[Source "ChessBase"]
[SourceDate "2010.07.02"]
[SourceVersion "2"]
[SourceVersionDate "2010.07.15"]
[SourceQuality "1"]

1. e4 c5 2. Nf3 d6 3. d4 cxd4 4. Nxd4 Nf6 5. Nc3 a6 6. Bg5 e6 7. f4 Bd7 8. f5 exf5 9. Nxf5 Bxf5 10. exf5 Be7 11. Qf3 Nc6 12. 0-0-0 0-0 13. Bf4 h5 14. h3 h4 15. g4 Nh7 16. Kb1 Rc8 17. Nd5 Bg5 18. Bh2 Ne5 19. Qf2 Re8 20. Bg2 Nc4 21. c3 b5 22. Rhe1 Rxe1 23. Rxe1 a5 24. Bf4 Rb8 25. Bxg5 Qxg5 26. Qf4 Qxf4 27. Nxf4 b4 28. cxb4 axb4 29. Bd5 Ne5 30. Rc1 Nf6 31. Bb3 Ne4 32. Rc7 Kf8 33. Bd5 Ng5 34. Kc2 Rb5 35. Bg2 Rc5+ 36. Rxc5 dxc5 37. a4 bxa3 38. bxa3 Ke7 39. Kc3 Kd6 40. a4 Kc7 41. Nd3 Nd7 42. a5 f6 43. Kc4 Nf7 44. Nxc5 Nde5+ 45. Kd5 Kb8 46. Ne6 g6 47. Nf4 gxf5 48. gxf5 Ng5 49. Kd6 Nc4+ 50. Ke7 Nh7 51. Kf7 Ne3 52. Kg6 Nxg2 53. Nxg2 Ng5 54. Nf4 Ne4 55. Ng2 Ng5 56. Nxh4 Nxh3 57. Nf3 Kb7 58. Nd4 Ka6 59. Nb3 Nf4+ 60. Kxf6 Kb5 61. Ke5 Nd3+ 62. Kd6 Nb4 63. f6 1-0

[Event "Subic Bay op"]
[Site "Subic Bay"]
[Date "2009.05.28"]
[Round "6"]
[White "Legaspi, Rhobel"]
[Black "Simanjuntak, Sebastian"]
[Result "1-0"]
[WhiteElo "2358"]
[BlackElo "2260"]
[PlyCount "42"]
[EventDate "2009.05.25"]
[EventType "swiss"]
[EventRounds "9"]
[EventCountry "PHI"]
[SourceTitle "CBM 130 Extra"]
[Source "ChessBase"]
[SourceDate "2009.07.02"]
[SourceVersion "2"]
[SourceVersionDate "2009.07.15"]
[SourceQuality "1"]

1. e4 c5 2. Nf3 Nc6 3. Bb5 Qb6 4. Nc3 e6 5. Bxc6 Qxc6 6. d4 cxd4 7. Nxd4 Qc7 8. Ndb5 Qe5 9. Qf3 Bb4 10. 0-0 Bxc3 11. Qxc3 Qxc3 12. bxc3 Kd8 13. Nd6 Ke7 14. Ba3 Kf6 15. f4 Ne7 16. c4 Nc6 17. Rf3 h6 18. Rg3 g6 19. Bb2+ e5 20. fxe5+ Ke6 21. Rf1 Rh7 1-0

[Event "Subic Bay op"]
[Site "Subic Bay"]
[Date "2009.05.26"]
[Round "3"]
[White "Tejas, Ravichandran"]
[Black "Legaspi, Rhobel"]
[Result "1/2-1/2"]
[WhiteElo "2177"]
[BlackElo "2358"]
[PlyCount "56"]
[EventDate "2009.05.25"]
[EventType "swiss"]
[EventRounds "9"]
[EventCountry "PHI"]
[SourceTitle "CBM 130 Extra"]
[Source "ChessBase"]
[SourceDate "2009.07.02"]
[SourceVersion "2"]
[SourceVersionDate "2009.07.15"]
[SourceQuality "1"]

1. Nf3 Nf6 2. c4 e6 3. Nc3 Bb4 4. Qb3 c5 5. g3 b6 6. Bg2 Bb7 7. 0-0 0-0 8. d3 d5 9. Bg5 Bxc3 10. Qxc3 d4 11. Qc2 Nbd7 12. e3 dxe3 13. fxe3 h6 14. Bf4 Bxf3 15. Bxf3 e5 16. Bxa8 Qxa8 17. Bxh6 gxh6 18. e4 Ne8 19. Rf3 Qc6 20. Raf1 f6 21. Qd2 Kh7 22. g4 Rg8 23. Rg3 Nf8 24. Qf2 Qe6 25. Qf5+ Qxf5 26. gxf5 Rxg3+ 27. hxg3 Kg7 28. a3 Nd7 1/2-1/2

[Event "Manila Pichay Cup 4th"]
[Site "Manila"]
[Date "2008.09.18"]
[Round "8"]
[White "Nguyen, Van Huy"]
[Black "Legaspi, Rhobel"]
[Result "1/2-1/2"]
[WhiteElo "2386"]
[BlackElo "2315"]
[PlyCount "91"]
[EventDate "2008.09.14"]
[EventType "swiss"]
[EventRounds "9"]
[EventCountry "PHI"]
[SourceTitle "CBM 126 Extra"]
[Source "ChessBase"]
[SourceDate "2008.11.05"]
[SourceVersion "1"]
[SourceVersionDate "2008.11.05"]
[SourceQuality "1"]

1. e4 c5 2. Nf3 e6 3. d4 cxd4 4. Nxd4 Nf6 5. Nc3 d6 6. Be2 Be7 7. 0-0 0-0 8. Be3 Nc6 9. f4 e5 10. Nb3 exf4 11. Bxf4 Be6 12. Kh1 d5 13. exd5 Nxd5 14. Nxd5 Qxd5 15. Qxd5 Bxd5 16. Rad1 Rad8 17. c3 Be6 18. Bf3 Rxd1 19. Rxd1 Rd8 20. Rxd8+ Nxd8 21. Bb8 a6 22. Na5 Bxa2 23. Nxb7 Nxb7 24. Bxb7 Bc4 25. Ba7 f5 26. Kg1 Bd6 27. h3 Bg3 28. Bf2 Bc7 29. Bd4 Bg3 30. b3 Bxb3 31. Bxa6 Kf7 32. Bd3 g6 33. c4 Ke6 34. Kf1 Ba4 35. Be2 Bc6 36. Bf3 Bxf3 37. gxf3 Bc7 38. Be3 f4 39. Bd4 g5 40. h4 gxh4 41. Kg2 Ba5 42. Bf2 Ke5 43. Kh3 Bd2 44. Ba7 Be3 45. c5 Kd5 46. Kxh4 1/2-1/2

[Event "Manila Pichay Cup 4th"]
[Site "Manila"]
[Date "2008.09.14"]
[Round "1"]
[White "Legaspi, Rhobel"]
[Black "Dao, Thien Hai"]
[Result "1/2-1/2"]
[WhiteElo "2315"]
[BlackElo "2489"]
[PlyCount "39"]
[EventDate "2008.09.14"]
[EventType "swiss"]
[EventRounds "9"]
[EventCountry "PHI"]
[SourceTitle "CBM 126 Extra"]
[Source "ChessBase"]
[SourceDate "2008.11.05"]
[SourceVersion "1"]
[SourceVersionDate "2008.11.05"]
[SourceQuality "1"]

1. e4 c5 2. Nf3 d6 3. Nc3 a6 4. d4 cxd4 5. Nxd4 Nf6 6. Bg5 e6 7. f4 Qb6 8. Qd2 Nc6 9. 0-0-0 h6 10. Bxf6 gxf6 11. Nb3 Bd7 12. Be2 h5 13. Rhf1 h4 14. Rf3 0-0-0 15. Bf1 Kb8 16. Kb1 Be7 17. a3 Qc7 18. Qf2 Rh5 19. Rh3 Rdh8 20. Be2 1/2-1/2

[Event "Manila PGMA Cup 3rd"]
[Site "Manila"]
[Date "2008.09.08"]
[Round "3"]
[White "Legaspi, Rhobel"]
[Black "Villamayor, Buenaventura"]
[Result "0-1"]
[WhiteElo "2315"]
[BlackElo "2469"]
[PlyCount "76"]
[EventDate "2008.09.07"]
[EventType "swiss"]
[EventRounds "9"]
[EventCountry "PHI"]
[SourceTitle "CBM 126 Extra"]
[Source "ChessBase"]
[SourceDate "2008.11.05"]
[SourceVersion "1"]
[SourceVersionDate "2008.11.05"]
[SourceQuality "1"]

1. e4 d6 2. Nc3 Nf6 3. d4 g6 4. Bg5 h6 5. Bh4 Bg7 6. Qd2 c6 7. f4 b5 8. Bd3 b4 9. Nce2 Qb6 10. e5 Nd5 11. c4 bxc3 12. bxc3 g5 13. Bf2 gxf4 14. exd6 exd6 15. Nf3 0-0 16. 0-0 Ba6 17. Bxa6 Nxa6 18. Nxf4 Qa5 19. Rac1 Nf6 20. Qd3 Nc7 21. Nh4 Rfe8 22. Nf5 Re4 23. Nxg7 Rxf4 24. Bg3 Rxf1+ 25. Rxf1 Kxg7 26. Bxd6 Nce8 27. Be5 Qd8 28. Qf3 Qe7 29. Qg3+ Kh7 30. Qd3+ Kg8 31. Qg3+ Kh7 32. Qh4 Kg7 33. g4 Kg6 34. g5 hxg5 35. Qh8 Rd8 36. h4 Ng7 37. Qxg7+ Kxg7 38. hxg5 Qd7 0-1

[Event "Kuala Lumpur op 5th"]
[Site "Kuala Lumpur"]
[Date "2008.08.23"]
[Round "10"]
[White "Legaspi, Rhobel"]
[Black "Wang, Li"]
[Result "0-1"]
[WhiteElo "2315"]
[BlackElo "2392"]
[PlyCount "86"]
[EventDate "2008.08.18"]
[EventType "swiss"]
[EventRounds "11"]
[EventCountry "MAS"]
[SourceTitle "CBM 126 Extra"]
[Source "ChessBase"]
[SourceDate "2008.11.05"]
[SourceVersion "1"]
[SourceVersionDate "2008.11.05"]
[SourceQuality "1"]

1. e4 c5 2. Nf3 e6 3. d4 cxd4 4. Nxd4 a6 5. Bd3 Qb6 6. Nb3 Qc7 7. Nc3 Nf6 8. Qe2 d6 9. g4 Be7 10. g5 Nfd7 11. h4 b5 12. a3 Bb7 13. Be3 Nc6 14. 0-0-0 b4 15. axb4 Nxb4 16. h5 Ne5 17. Kb1 Nexd3 18. cxd3 a5 19. g6 Bf6 20. Nd4 Ba6 21. Ndb5 Qd7 22. d4 Rb8 23. e5 Bxb5 24. Nxb5 Bxe5 25. dxe5 Qxb5 26. Qxb5+ Rxb5 27. h6 gxh6 28. g7 Rg8 29. exd6 Rxg7 30. Bxh6 Rg8 31. Rc1 Kd7 32. Rc7+ Kxd6 33. Rxf7 Rf5 34. Bf4+ Kd5 35. Rd7+ Ke4 36. Be3 h5 37. b3 Nd5 38. Rh7 Nxe3 39. fxe3 Rg3 40. R7xh5 Rxe3 41. R1h4+ Ke5 42. Ra4 Rxb3+ 43. Kc2 Rb5 0-1

[Event "Kuala Lumpur op 5th"]
[Site "Kuala Lumpur"]
[Date "2008.08.22"]
[Round "7"]
[White "Xiu, Deshun"]
[Black "Legaspi, Rhobel"]
[Result "1-0"]
[WhiteElo "2410"]
[BlackElo "2315"]
[PlyCount "105"]
[EventDate "2008.08.18"]
[EventType "swiss"]
[EventRounds "11"]
[EventCountry "MAS"]
[SourceTitle "CBM 126 Extra"]
[Source "ChessBase"]
[SourceDate "2008.11.05"]
[SourceVersion "1"]
[SourceVersionDate "2008.11.05"]
[SourceQuality "1"]

1. Nf3 Nf6 2. c4 e6 3. g3 b6 4. Bg2 Bb7 5. 0-0 c5 6. Nc3 Be7 7. d4 cxd4 8. Qxd4 d6 9. Rd1 0-0 10. b3 Qc8 11. Ba3 Rd8 12. Qf4 Nc6 13. Rac1 Qb8 14. Bb2 h6 15. e4 Ne5 16. Qe3 Nxf3+ 17. Qxf3 a6 18. Qe2 Qc7 19. f4 Rac8 20. h4 Qb8 21. Kh2 Bf8 22. Rf1 Re8 23. g4 Nd7 24. g5 hxg5 25. hxg5 d5 26. Qh5 d4 27. Ne2 g6 28. Qh4 Bg7 29. Rh1 Nc5 30. Bxd4 e5 31. Bxc5 Rxc5 32. f5 gxf5 33. exf5 Bxg2 34. Kxg2 Qb7+ 35. Kf2 e4 36. f6 e3+ 37. Ke1 Qe4 38. fxg7 Qxh4+ 39. Rxh4 Kxg7 40. Rg4 Kg6 41. Rd1 Rxg5 42. Rxg5+ Kxg5 43. Rd5+ Kg4 44. Nd4 Rh8 45. Ke2 Kf4 46. Nf3 Re8 47. Nh4 Ke4 48. Rd3 Rh8 49. Rxe3+ Kd4 50. Nf3+ Kc5 51. a3 f6 52. Kd3 Rh1 53. Re6 1-0

[Event "Kuala Lumpur op 5th"]
[Site "Kuala Lumpur"]
[Date "2008.08.18"]
[Round "1"]
[White "Tan, Justin"]
[Black "Legaspi, Rhobel"]
[Result "0-1"]
[WhiteElo "2281"]
[BlackElo "2315"]
[PlyCount "76"]
[EventDate "2008.08.18"]
[EventType "swiss"]
[EventRounds "11"]
[EventCountry "MAS"]
[SourceTitle "CBM 126 Extra"]
[Source "ChessBase"]
[SourceDate "2008.11.05"]
[SourceVersion "1"]
[SourceVersionDate "2008.11.05"]
[SourceQuality "1"]

1. e4 c5 2. Nf3 e6 3. d4 cxd4 4. Nxd4 Nf6 5. Nc3 d6 6. g4 h6 7. h4 Be7 8. g5 hxg5 9. Bxg5 Nc6 10. Qd2 a6 11. 0-0-0 Bd7 12. Kb1 Qc7 13. Nxc6 Bxc6 14. Bd3 0-0-0 15. f3 d5 16. Qf2 d4 17. Ne2 e5 18. Ng3 g6 19. Bc4 Rdf8 20. Qe2 Nh5 21. Nxh5 Rxh5 22. f4 exf4 23. Bxe7 Qxe7 24. Qg4+ Kb8 25. Qxf4+ Ka8 26. Rxd4 g5 27. Qd6 Qxd6 28. Rxd6 Bxe4 29. Be2 Rxh4 30. Rxh4 gxh4 31. Rh6 Rg8 32. b3 Rg1+ 33. Kb2 Rg2 34. Bd1 Rh2 35. Rh8+ Ka7 36. Rc8 f5 37. Rc3 Rh1 38. Bf3 Rh3 0-1

[Event "Manila Pichay Cup 3rd"]
[Site "Manila"]
[Date "2007.12.07"]
[Round "9"]
[White "Legaspi, Rhobel"]
[Black "Dimakiling, Oliver"]
[Result "0-1"]
[WhiteElo "2334"]
[BlackElo "2491"]
[PlyCount "58"]
[EventDate "2007.12.01"]
[EventType "swiss"]
[EventRounds "9"]
[EventCountry "PHI"]
[SourceTitle "CBM 122 Extra"]
[Source "ChessBase"]
[SourceDate "2008.03.04"]
[SourceVersion "1"]
[SourceVersionDate "2008.03.04"]
[SourceQuality "1"]

1. e4 c5 2. Nf3 d6 3. d4 cxd4 4. Nxd4 Nf6 5. Nc3 a6 6. Bg5 e6 7. f4 Be7 8. Qf3 Qc7 9. 0-0-0 Nbd7 10. Kb1 b5 11. Bd3 Bb7 12. Nce2 Nc5 13. Ng3 0-0-0 14. Qe2 h6 15. Bxf6 Bxf6 16. Nf3 Kb8 17. Nh5 Be7 18. Nxg7 h5 19. Ng5 d5 20. e5 Bxg5 21. fxg5 Rdg8 22. Nxh5 Rxg5 23. Nf4 Rxe5 24. Qg4 Rc8 25. Rc1 Re3 26. h4 e5 27. Nh5 e4 28. Bf1 Ne6 29. Rh3 Qxc2+ 0-1